LEADER 01632nam a2200349 a 4500 001 000000140294 003 CaOOAMICUS 005 20141104131253.0 008 141104s2014 it u000 u ita r 020 $a978-88-13-33987-6 040 $aPUL$bita 082 04$a346.4501 100 1 $aDe Filippis, Bruno.$0(OLS)http://pul/name/29237 245 10$aConvenzioni matrimoniali e contratti di convivenza /$cBruno De Filippis. 260 $aPadova :$bCEDAM,$c2014$aMilanofiori Assago :$bWolters Kluwer 300 $aXVI, 278 p. ;$c24 cm 490 1 $aBiblioteca del diritto di famiglia. Manuali di aggiornamento e specializzazione ;$v16 500 $aSulla cop.: Disponibile anche in e-book. 504 $aBibliografia in nota. 650 4$aMatrimonio (diritto).$0(OLS)http://pul/subject/800 650 4$aConvivenza.$0(OLS)http://pul/subject/33714 830 0$aBiblioteca del diritto di famiglia.$pManuali di aggiornamento e specializzazione ;$v16.$0(OLS)http://pul/title/160790 850 $aPUL 852 $aPUL$W1$xSL Diritto e Scienze Sociali 3$y79$m346. 4501 COLL 3.16$j162121$qDDC 21$B161591$CPULBib$Z2$F161591 $H124890 $82 941 1 $a9 960 $aDiritto matrimoniale$9800 996 $6020$a978-88-13-33987-6 $9(OLS)http://pul/number/156262 996 $6082$a346.4501$9(OLS)http://pul/classification/451 996 $6245$aConvenzioni matrimoniali e contratti di convivenza$9(OLS)http://pul/title/177591 996 $6260$aPadova :$bCEDAM$9(OLS)http://pul/publisher/48126 996 $6260$aMilanofiori Assago :$bWolters Kluwer$9(OLS)http://pul/publisher/81463 LEADER 01169naa a2200229 u 4500 001 000000096456 003 CaOOAMICUS 005 20070226130146.0 008 041013s1993 gw u000 u ger u 020 $a3777293210 035 $a11011440 040 $aIAR$bita 100 1 $aAngenendt, Arnold,$d1934-2021.$0(OLS)http://pul/name/1407 245 11$a"Mit reinen Händen" :$bDas Motiv der kultischen Reinheit in der abendländischen Kirche /$cArnold Angenendt. 260 $aStuttart :$bHiersemann,$c1993. 300 $aS. 297-316 ;$c25 cm 773 0 $aHerrschaft, Kirche, Kultur : Beoträge zur Geschichte des Mittelalters - Festschrift für Friedrich Prinz zu seinem 65. Geburtstag. 773 0 $tMonographien zur Geschichte des Mittelalters$gBd. 37 773 0 $tHerrschaft, Kirche, Kultur : Beiträge zur Geschichte des Mittelalters : Festschrift für Friedrich Prinz zu seinem 65. Geburtstag$w()17106 996 $6020$a3777293210$9(OLS)http://pul/number/21996 996 $6245$a"Mit reinen Händen" :$bDas Motiv der kultischen Reinheit in der abendländischen Kirche$9(OLS)http://pul/title/123332 996 $6260$aStuttart :$bHiersemann$9(OLS)http://pul/publisher/55243